000 00496nam a22001697a 4500
005 20240108130317.0
008 190503b xxu||||| |||| 00| 0 eng d
020 _a978-93-5164-874-1
041 _aeng
100 _aJAIN, DR.KISHOR.S .,MIYAR,DR. PANKAJ B.,AND BHAWAR,PRATIBHA V.
_98304
245 _aA BOOK OF PHARMACEUTICAL INORGANIC CHEMISTRY (SEM-I)
250 _a4th ed. 2019
260 _aPUNE
_bNIRALI PUBLICATION
300 _a10.10p,
650 _aPHARMACY
_xBPHARMA
_97483
942 _cBK
999 _c5842
_d5840